| 000 | 00940nam a2200265 i 4500 | ||
|---|---|---|---|
| 001 | bg | ||
| 100 | 1 | _aKorniłowicz, Jan. | |
| 245 | 1 | 0 |
_aMieszkalnictwo w Polsce w latach 1991-2005 / _cJan Korniłowicz, Tomasz Żelawski ; Instytut Rozwoju Miast. |
| 260 |
_aKraków : _bInstytut Rozwoju Miast, _c2007. |
||
| 300 |
_a92 s. : _bil. ; _c30 cm. |
||
| 504 | _aBibliogr. s. 85. | ||
| 650 | 9 |
_aBudownictwo mieszkaniowe _zPolska _yod 1989 r. |
|
| 650 | 9 |
_aMieszkania _xgospodarka _zPolska _yod 1989 r. |
|
| 700 | 1 | _aŻelawski, Tomasz. | |
| 015 | _aPB 11563/2008 | ||
| 020 | _a9788389440716 | ||
| 040 | _cBPK | ||
| 041 | _apol | ||
| 044 | _aPOL | ||
| 080 | _a69::728:332.8](438)"1989/..."(083.41) | ||
| 920 | _a978-83-89440-71-6 | ||
| 942 | _cKS | ||
| 008 | 090408s2007 pl a |000 0 pol | ||
| 999 |
_c56254 _d56254 |
||
| 856 |
_uhttp://koha.tu.koszalin.pl/cgi-bin/koha/opac-detail.pl?biblionumber=56254 _yKatalog online BPK |
||